000 00636nam a2200241Ia 4500
003 OSt
005 20220918212329.0
006 a|||||r|||| 00| 0
007 ta
008 220917b |||||||| |||| 00| 0 eng d
024 _a128,425
037 _cTextual
040 _aARTS
_cARTS
_beng
041 _2eng
_aeng
082 _aX.2.N7, L8-;1
100 _aChaudhuri Pramit
_9123461
245 0 _aIndian economy poverty and development
260 _aSahibabad
_bVikas
_c1978
300 _aix,279p.
_ccm.
650 _aECONOMICS
942 _hX.2.N7, L8-;1
_cTEXL
_2CC
999 _c251563
_d251563